Регионална библиотека "Любен Каравелов" - Русе

Кавалът свири, говори (Запис номер 36976)

MARC детайли
000 -Лидер
Контролно поле с фиксирана дължина 01442nam a2200349 c 4500
003 - Код на организацията, давaща контролен номер
Контролно поле BLK
005 - Дата и час на последна редакция
Контролно поле 20250215154250.0
008 - Елементи от данни с фиксирана дължина
fixed length control field 180408b bul|||||r ||||||| ||bul||
010 ## - Наследен системен номер
LC control number KNG00040098000
040 ## - Източник на каталожния запис
Идентификатор на билиотеката - собственик на записа BLK
041 ## - Код за език
Код за езика на текст/звукозапис или на отделно заглавие Български
Код за езика КДБФ Български
080 ## - УДК
Текстов определител УДК Други духови инструменти - алпийски рог, кавал и др.
УДК код - определител по УДК 788.9
УДК - код + определител 788.9
080 ## - УДК
Текстов определител УДК Биографии
УДК код - определител по УДК 929
УДК определител (497.2)
УДК - код + определител 929(497.2)
100 1# - Редна дума - Автор
Автор Драгански, Слав
Авторска отговорност първи автор
R(LIN) 275258
139 ## - Редно поле
Редна дума Драгански, Слав
Авторски знак Др - Д 85
245 10 - Сведения за заглавието
Заглавие Кавалът свири, говори
Подзаглавни данни Майстори - изпълнители и разпространители на кавалджийското изкуство
Редно поле (дума) Слав Драгански.
257 ## - Страна на издаване
Страна на създаване/издаване България
260 ## - Област на издателските данни
Име на издателя, разпространителя и проч. Христо Г. Данов
Година на издаване 1985
Място на издаване, разпространение и проч. Пловдив
300 ## - Физическа характеристика
Страници 199 с.
Размери/Мащаб 20 см
380 ## - Жанр
Жанр Изкуство
650 #7 - Допълнително описание по предмет – тема
Основно описание – тема или топоним Духови инструменти, народни, български
Източник на редна или ключова дума
9 (RLIN) 153890
650 #4 - Допълнително описание по предмет – тема
Основно описание – тема или топоним Музикални инструменти
9 (RLIN) 275050
653 ## - Ключова дума – ненормативна
Ключова дума духови музикални инструменти
653 ## - Ключова дума – ненормативна
Ключова дума кавал
852 ## - Местоположение
Форматна сигнатура Цб 133605
856 4# - Електронен адрес и достъп
Електронен формат pdf - файл
856 4# - Електронен адрес и достъп
Електронен формат pdf - файл
999 ## - СИСТЕМНИ КОНТРОЛНИ НОМЕРА
Koha biblionumber 36976
Koha biblioitemnumber 36976
942 ## - АРТИКУЛИ
Вид на библиотечния материал Книги
Скрит в OPAC Не
Периодичен библиозапис Да
944 ## - СЪЗДАВАНЕ И РЕДАКЦИЯ на ЗАПИСА
Създаване/Редакция Създаване
Дата на регистрацията/редакция 13.12.2011
Статус, дата на статуса Геновева Генчева
Служител, извършил регистрацията/редакцията 30560
944 ## - СЪЗДАВАНЕ И РЕДАКЦИЯ на ЗАПИСА
Създаване/Редакция Редакция
Дата на регистрацията/редакция 21.05.2015
Статус, дата на статуса 13.12.2011 - от С1,Р / 13.12.2011
999 ## - СИСТЕМНИ КОНТРОЛНИ НОМЕРА
Koha biblioitemnumber 36976
Наличности
Код за отписване Код за изгубен артикул Източник на класификационната схема Код за повреда Коз за рестрикции Код за отдаване Артикулен № Име на библиотеката - собственик Име на библиотеката, в която се намира в момента Статус (Текущо местоположение) Дата на вписване в системата Местоположение - отдел Цена в лева Инвентарен номер Систематично азбучна сигнатура Баркод Номер на екземпляра Цена в евро Служебна бележка Служебен тип на артикула
Изтеглен Не е изгубен Universal Decimal Classification Не е повреден без рестрикции заемане за дома 58126 Регионална библиотека "Любен Каравелов" Русе Регионална библиотека "Любен Каравелов" Русе Отдел Изкуство - подръчен фонд 1985-01-01 Отдел Изкуство - подръчен фонд 1.11 428151 788/Д 85 428151 1 0.57 Дост: Pk Вид: Ф N: 01.01.1985 Дата: 01.01.1985 Дата инв: 21.06.2012 Бележки инв: * Книги
Изтеглен Не е изгубен Universal Decimal Classification Не е повреден без рестрикции заемане за дома 58127 Регионална библиотека "Любен Каравелов" Русе Регионална библиотека "Любен Каравелов" Русе Отдел Изкуство - подръчен фонд 1985-01-01 Отдел Изкуство - подръчен фонд 1.11 428148 788/Д 85 428148 2 0.57 Дост: Pk Вид: Ф N: стар фонд Дата: 01.01.1985 Дата инв: 05.04.2017 Бележки инв: ИП2017 Книги
  Не е изгубен Universal Decimal Classification Не е повреден без рестрикции заемане за дома 58128 Регионална библиотека "Любен Каравелов" Русе Регионална библиотека "Любен Каравелов" Русе Отдел Изкуство - подръчен фонд 1985-01-01 Отдел Изкуство - подръчен фонд 1.11 428150 788/Д 85 120000428150 3 0.57 Дост: Pk Вид: Ф N: стар фонд Дата: 01.01.1985 Дата инв: 05.04.2017 Бележки инв: ИП2017 Книги
  Не е изгубен Universal Decimal Classification Не е повреден само за читалня ползва се в читалня 58129 Регионална библиотека "Любен Каравелов" Русе Регионална библиотека "Любен Каравелов" Русе Хранилище 1985-01-01 Хранилище 1.11 426168 Цб 133605 120000426168 4 0.57 Дост: Dp Вид: Д N: стар фонд Дата: 01.01.1985 Книги
Vip Innovations Ltd, Rousse, Bulgaria 2025